MDQL
is popping MORE tags! Check the
thread
!
Quizzes
Events
Quiz Creation
Community
Videos
Private Events
Remove Ads
Sign In
Join for FREE
Feedback
Dark Mode
Quiz Categories
Sports
Geography
Music
Movies
Television
Just For Fun
Miscellaneous
History
Literature
Language
Science
Gaming
Entertainment
Religion
Holiday
For Kids
Quiz Lab
Recent
Popular Today
Quiz Kudos Today
Editor Picks
Curator Picks
Quizzes by...
Day
Popularity
Type
Ratings
Length
Year
Community
Subscriptions
Recent Discussions
Orange Saloon
Badges
Playlists
Quests
Create
Leaderboards
Showdown
Live 5
Trivia Bingo
Activity
Puzzle Library
Sporcle Events
Private Events
Virtual Trivia
Globe League
Become a Host
Pub Owners
SporcleCon
Opinionation
Our Games
Videos
Blog
Mobile Apps
Partnerships
Remove Ads and Go Orange
Feedback
Just For Fun
Clickable
Get the Picture
Humor
Quick Pick
Word Ladder
Missing Word
Mixed Word
Blitz
Minefield
This or That
Alphabet
Color
Typing
Sporcle
Puzzle
Word Play
Follow That Line
Logic
Just For Fun
Clickable
Get the Picture
Humor
Quick Pick
Word Ladder
Missing Word
Mixed Word
Blitz
Minefield
This or That
Alphabet
Color
Typing
Sporcle
Puzzle
Word Play
Follow That Line
Logic
Random Quiz
Search Sporcle
×
Quiz Lab
Quiz Lab
Just For Fun
Cheating
Type in answers that appear in a list
Type in answers that appear in a list
Classic
Best Score? Go Orange.
Name That Sanrio Character Stats
Can you name the sanrio characters??
By
cutie_char_cool
15m
40 Questions
345 Plays
345 Plays
345 Plays
Comments
Comments
Give Quiz Kudos
Give Quiz Kudos
-
- Ratings
hide this ad
Random Order
Randomize order of answers
Randomize order of answers
Replay
Link that replays current quiz
Next Quiz
Link to next quiz in quiz playlist
You Got
0%
They Got
Avg Score
26%
Avg Friend Score
Upgrade to see
Score Distribution
Jump to the score distribution portion of the page
Score
0/40
Timer
15:00
2
Plays Today
Answers do not have to be in order
You have 8 minutes to finish this quiz.
% Correct
One of the most famous asian cats.
Hello Kitty
80.6%
Melodys punked-
out rival.
Kuromi
64.7%
A cute frog with a v shaped mouth.
Keroppi
63.8%
A black cat with a delicious name.
Chacocat
60.9%
Twins who are over the moon.
Little Twin Stars
55.9%
A blue and white penguin who`s friends with Hello Kitty.
Tuxedo Sam
55%
A girly rabbit who loves pink.
Melody
52.6%
A golden retriever that looks a bit like a light brown blob.
Pom Pom
50.9%
A panda with an apple hat.
Pandapple
40.3%
A white dog with black, floppy ears.
Pochacco
40.3%
The previous cats pet cat.
Charmmy Kitty
35.9%
A white duck who wears a blue tshirt.
Pekkle
31.5%
A white puppy with long ears.
Cinnamonroll
30.9%
Twin bunnies who love to bake.
Sugarbunnies
27.9%
A fashionable dalmation.
Spottie Dottie
25%
A cheerful fawn
Deery Lou
24.7%
A female rabbit that loves summer.
Usahana
22.4%
Penguin with an attitude.
Batz Maru
22.1%
A pig with a green P sweater.
Pippo
20.3%
3 Triplet puppies.
Chibi-Maru
18.2%
Answers do not have to be in order
You have 8 minutes to finish this quiz.
% Correct
A boy raccoon.
Landry
17.9%
Cute boy and girl demons.
Lloromannic
16.5%
Two ballerina geniuses.
Sugar Minuet
15.3%
A sweet little bee.
Sweet Coron
15%
An owl who is now discontinued.
Patapatapeppy
13.8%
A panda who has many adventures in Pannaland.
Pannapitta
13.2%
A pink monkey
Chi Chai Monchan
12.6%
A group of raccoons who run a coffee shop.
Tenorikuma
12.6%
A samll brown mouse who is definitely ``100% mouse``
Picke Bicke
12.4%
Hamster with ice cream on its head.
Corocorokuririn
12.1%
A group of trendy bunnies.
Cinnamoangels
11.5%
Two cute fairy mice who love picking cherries.
Cherinacherine
10%
A famous 4-
letter monster that loves to eat.
Domo
9.1%
A baby panda who`s friends are bread with faces.
Pankunchi
8.5%
A cute teddy bear.
Miss Bear`s Dream
7.6%
A brown and white cat with a HUGE name.
Marshmallowmitainafuwafuwanyanko
7.4%
An energetic team of trains.
Shikansen
7.1%
A blue bear who sleeps woith the stars and moon.
Hoshinowaguma
7.1%
A girl lamb with a secret black lamb boyfriend.
Puchimerikko
5.6%
One black and one white cat.
Nyokko ane Penne
5.3%
Quiz Playlist
Details
Report
Send in Message
Add To Playlist
Classic:
Type in answers that appear in a list
Random Order:
Randomize order of answers
Quiz Source
Last Updated: Feb 16, 2017
Quiz Scoreboard
CHALLENGE
Sign Up to Join the Scoreboard
Show All
Scores
Hide
Comments
May contain spoilers
Recently Published
Street Fighter Characters
by Artimus82
Gaming
60s
9x9 Crossword: Cartoon Network
by jackfrog10
Miscellaneous
3m
College Basketball Coaching Resumes
by pancakes188
Sports
9m
More to Explore
Quiz From the Vault
Featured Blog Post
Where Did the Easter Bunny Come From?
hide this ad
You Might Also Like...
Tags
Character
Cheating
finish
minute
Order
Today's Top Quizzes in Just For Fun
Browse Just For Fun
hide this ad
Today's Top Quizzes in Cheating
Browse Cheating
Top Contributed Quizzes in Just For Fun
1
Name Just One - 10 to 1: Just For Fun
2
Killer Double Trees 224 - Colour Match-Up
3
Spring Typing Challenge
4
Crossword Whiteout! 49
5
Zeroing In: Just For Fun
6
Survivor Winners Logic Puzzle
7
Word Ladder: Ahoy Matey
8
Word Ladder: Wilderness Weapon
9
Kyle's 122nd Triple Trees
10
Harry Potter Logic - 'In Chains' II
Explore More
Trending Topics
NBA
Harry Potter
Kpop
Marvel
Crossword
Anime
Disney
Soccer
Pokémon
The Office
Country
NFL
Puzzle
Song
WWE
hide this ad
More By:
cutie_char_cool
Quiz
Plays
Rating
Category
Featured
Created
Name That Sanrio Character
343
3.33
Just For Fun
Jul 20, 2010
Go to Creator's Profile
Score Distribution
Quiz Creator Spotlight
cutie_char_cool
Follow
Send a Message
Quizzes Created
-
Created Quiz Play Count
-
More By This Creator
Popular Quizzes Today
1
Find the US States - No Outlines Minefield
2
Find the Countries of Europe - No Outlines Minefield
3
The Countries of the World
4
Find the US States
5
Risky Map Clicking: Biggest States A-Z
6
US States
7
Popular People in 1961
8
Movies - When Are They Set?
More Just For Fun Quizzes
Missing Word: 'F' Music Artists
Published
Trending Quizzes
Risky Map Clicking: Least Populous States A-Z
Countries of the World: 200 Million BC
1-10 Letter G Words
Risky Map Clicking: Next State Alphabetically
Adjectives in 80s TV Shows
Recently Updated
Leaping Animals
pecheneg
Reality TV Shows (A-Z)
bhenderson79
Rickey Henderson's Hall of Fame Teammates
pecheneg
Champions League XIs: Arsenal
pecheneg
Quick Pick: Celebrities in WWE's Hall of Fame
aduchscher
A-Z Keypad Blitz II
pecheneg
Multiple Oscar Actors
pecheneg
Mystery Phrase Blitz: Oscar 'Best Actors'
pecheneg
F. Scott Fitzgerald Novels
LTH
Pick 3 Villains
ddd62291
Trending Topics
Harry Potter
NBA
Disney
Kpop
Anime
Marvel
Crossword
WWE
NFL
Country
Puzzle
Pokémon
Soccer
Song
The Office
Your Account Isn't Verified!
In order to create a playlist on Sporcle, you need to verify the email address you used during registration. Go to your
Sporcle Settings
to finish the process.
Report this User
Report this user for behavior that violates our
Community Guidelines
.
Details:
Send Report
Go to the Sporcle.com Mobile Site →
Comments